000 00401 a2200133 4500
020 _a0415274559 (HB : alk. paper)
082 _a624.15136 MOS
245 _aGround improvement /
_cedited by M.P. Moseley and K. Kirsch.
250 _a2nd ed.
260 _aLondon ;
_aNew York :
_bSpon Press,
_c2004.
300 _avi, 431 p. :
_bill. ;
_c25 cm.
650 _aSoil stabilization.
650 _aSoil consolidation.
650 _aGrouting.
999 _c1115
_d1115